Normal view
MARC view
- Sharma ,satish kumar .
Entry Personal Name
001 - CONTROL NUMBER
- control field: 3146
003 - CONTROL NUMBER IDENTIFIER
- control field: OSt
005 - DATE AND TIME OF LATEST TRANSACTION
- control field: 20180604145340.0
008 - FIXED-LENGTH DATA ELEMENTS
- fixed length control field: 180604|| aca||aabn | a|a d
040 ## - CATALOGING SOURCE
- Original cataloging agency: OSt
- Transcribing agency: OSt
100 ## - HEADING--PERSONAL NAME
- Personal name: Sharma ,satish kumar .
670 ## - SOURCE DATA FOUND
- Source citation: Work cat.: (OSt): Sharma ,satish kumar ., Post harvest management and processing of fruits and vegetables /, 2010 .
